000 01107nam2a2200253 4500
001 RU\NLR\bibl\1111458
005 20250615061658.0
010 _a978-5-8365-0276-8
_9200
021 _aRU
_b2007-39946
_92142
035 _a(NLR Aleph) 001098495
090 _a1163162
_c1163162
100 _a20070720d2007 |||y0rusy50 ca
101 0 _arus
102 _aRU
105 _aa |||||||||
200 1 _aСборник научных публикаций в научно-технических журналах (1998-2002)
210 _d2007
_aБ. м.
215 _a421,[1] с.,[1] л. портр.
_cил.
461 0 _1001RU\NLR\bibl\1089883
_12001#$aОренбурггазпром$vТ. 3, кн. 2
_91034652
_cМосква
_d2006
_nНедра
_o40 лет, 1968-2008 : страницы истории : в 4 т. : [охранные документы. Научные публикации. Научные исследования]
_tОренбурггазпром
_y978-5-8365-0269-0
_vТ. 3, кн. 2
801 0 _aRU
_bNLR
_c20070720
_gRCR
801 1 _aRU
_bNLR
_c20070720
942 _cBOOK
980 _aNB